| 000 | 00917nam a2200265 a 4500 | ||
|---|---|---|---|
| 999 |
_c2522 _d2522 |
||
| 008 | 200319b2013 abd|g m|||a00| 0 eng d | ||
| 040 |
_aKO _beng |
||
| 041 | 0 | _aeng | |
| 044 | _aii | ||
| 082 | 0 | 4 |
_223 _a378.242 _bIRM1207 |
| 100 | 1 |
_aC., Daniel _eResearcher |
|
| 245 | 1 | 3 |
_aA Comprehensive Study of Mearsk Line with Reference to Cochin Branch / _cDaniel C. ; Guide Dr. Jayan P. A. |
| 260 |
_aKochi : _bIndian Maritime University, _c2013 |
||
| 300 |
_a49 p. : _bill., charts, maps ; _c43 cm. |
||
| 490 | 0 |
_aMBA Internship 2012-14 ; _v12500081007 |
|
| 502 | _aInternship (MBA)–Indian Maritime University. School of Maritime Management, 2013. | ||
| 610 | 2 | _aMaersk Line (Kochi) | |
| 650 |
_aShipping companies (Marine transportation) _zIndia |
||
| 655 | 7 |
_2lcsh _aDissertations, Academic _y2013 |
|
| 700 | 1 |
_aP. A., Jayan, _cDr. _eGuide |
|
| 904 | _aRUDRA_R | ||
| 905 | _aR_RANJAN | ||
| 942 | _cTH | ||